[Event "Obera op"]
[Site "Obera"]
[Date "2023.02.05"]
[Round "6"]
[White "Kunz Roman, Jorge Emmanuel"]
[Black "Zamudio, Jose Alberto"]
[Result "1-0"]
[WhiteElo "1742"]
[BlackElo "1933"]
[PlyCount "111"]
[EventDate "2023.02.03"]
[EventType "swiss"]
[EventRounds "6"]
[EventCountry "ARG"]
[SourceTitle "CBM 212 Extra"]
[Source "ChessBase"]
[SourceDate "2023.03.31"]
[SourceVersion "1"]
[SourceVersionDate "2023.03.31"]
[SourceQuality "1"]

1. e4 Nf6 2. Nc3 d6 3. d4 g6 4. Be2 Bg7 5. Be3 0-0 6. h4 h6 7. g4 e5 8. g5 hxg5 9. hxg5 Nh7 10. f4 Nc6 11. d5 exf4 12. Bxf4 Ne5 13. Qd2 f6 14. 0-0-0 fxg5 15. Bg3 Bg4 16. Kb1 Qd7 17. Bxg4 Nxg4 18. Nh3 Qe7 19. Rdg1 Ne5 20. Bxe5 Bxe5 21. Ne2 Rf6 22. Nxg5 Nxg5 23. Rxg5 Raf8 24. Rgg1 Qg7 25. c3 a5 26. Nd4 Rf2 27. Qg5 Bxd4 28. cxd4 R8f6 29. Qg4 b6 30. e5 dxe5 31. dxe5 R6f5 32. Qxg6 Rf1+ 33. Kc2 Rxg1 34. Rxg1 Qxg6 35. Rxg6+ Kf7 36. Rd6 b5 37. Rc6 Rxe5 38. Rxc7+ Ke8 39. Rc5 a4 40. Rxb5 Kd7 41. a3 Kd6 42. Kc3 Rh5 43. Kb4 Rh4+ 44. Ka5 Rd4 45. Rb4 Rxd5+ 46. Kxa4 Kc7 47. Rh4 Kb6 48. Rh6+ Kb7 49. Rh3 Rg5 50. b4 Rg6 51. Kb3 Kb6 52. a4 Rf6 53. a5+ Ka6 54. Ka4 Rg6 55. b5+ Kb7 56. Rh7+ 1-0

[Event "Obera op"]
[Site "Obera"]
[Date "2023.02.05"]
[Round "5"]
[White "Zamudio, Jose Alberto"]
[Black "Salgado, Gabriel"]
[Result "1-0"]
[WhiteElo "1933"]
[BlackElo "1659"]
[PlyCount "87"]
[EventDate "2023.02.03"]
[EventType "swiss"]
[EventRounds "6"]
[EventCountry "ARG"]
[SourceTitle "CBM 212 Extra"]
[Source "ChessBase"]
[SourceDate "2023.03.31"]
[SourceVersion "1"]
[SourceVersionDate "2023.03.31"]
[SourceQuality "1"]

1. e4 c6 2. d4 d5 3. e5 c5 4. dxc5 Nc6 5. Bb5 e6 6. b4 a5 7. c3 axb4 8. cxb4 Bd7 9. Bxc6 Bxc6 10. Nf3 b6 11. Be3 bxc5 12. bxc5 Ne7 13. Nd4 Qc7 14. f4 Ng6 15. Qc1 Be7 16. 0-0 0-0 17. Nd2 Rfb8 18. Qc3 Ra4 19. Rfc1 Rba8 20. Rc2 Ra3 21. N2b3 R3a4 22. g3 Qd7 23. Nxc6 Qxc6 24. Nd4 Qa6 25. c6 Ra3 26. Qd2 Rc8 27. c7 Nf8 28. Rb1 Nd7 29. Nc6 Bf8 30. Nb8 Qa4 31. Nxd7 Qxd7 32. Rb8 Rxc7 33. Rxc7 Qxc7 34. Rxf8+ Kxf8 35. Qb4+ Kg8 36. Qxa3 h5 37. Qb4 Qc2 38. a4 Qd1+ 39. Kg2 h4 40. h3 Qc2+ 41. Bf2 hxg3 42. Kxg3 Qg6+ 43. Kh2 Qc2 44. Qd4 1-0

[Event "ARG-ch sf 97th"]
[Site "Buenos Aires"]
[Date "2022.09.08"]
[Round "1"]
[White "Zamudio, Jose Alberto"]
[Black "Fiorito, Fabian"]
[Result "0-1"]
[WhiteElo "1943"]
[BlackElo "2361"]
[PlyCount "68"]
[EventDate "2022.09.08"]
[EventType "swiss"]
[EventRounds "9"]
[EventCountry "ARG"]
[SourceTitle "CBM 210 Extra"]
[Source "ChessBase"]
[SourceDate "2022.11.30"]
[SourceVersion "1"]
[SourceVersionDate "2022.11.30"]
[SourceQuality "1"]

1. e4 c5 2. Nc3 g6 3. g3 Bg7 4. Bg2 Nc6 5. Nge2 d6 6. 0-0 Rb8 7. a4 a6 8. d3 Nf6 9. f4 0-0 10. h3 Nd7 11. g4 Nd4 12. Ng3 e6 13. Nce2 b5 14. c3 Nxe2+ 15. Qxe2 b4 16. c4 Bb7 17. Be3 b3 18. g5 Re8 19. h4 a5 20. h5 Bc6 21. Qf2 Rb4 22. hxg6 hxg6 23. e5 Bxg2 24. Kxg2 dxe5 25. fxe5 Nxe5 26. Bxc5 Rb7 27. Rad1 Qxg5 28. Be3 Qd8 29. c5 Qd5+ 30. Kh3 f5 31. d4 Ng4 32. Qd2 Bf6 33. Nh1 Rh7+ 34. Kg3 Bh4+ 0-1

[Event "Obera op"]
[Site "Obera"]
[Date "2022.02.28"]
[Round "5"]
[White "Zamudio, Jose Alberto"]
[Black "Perdomo, Leandro Daniel"]
[Result "1/2-1/2"]
[WhiteElo "2029"]
[BlackElo "2447"]
[PlyCount "134"]
[EventDate "2022.02.26"]
[EventType "swiss"]
[EventRounds "6"]
[EventCountry "ARG"]
[SourceTitle "EXT 2023"]
[Source "ChessBase"]
[SourceDate "2022.10.05"]
[SourceVersion "1"]
[SourceVersionDate "2022.10.05"]
[SourceQuality "1"]

1. e4 e5 2. Nf3 Nc6 3. d4 exd4 4. Nxd4 Bc5 5. Be3 Qf6 6. c3 Nge7 7. Nc2 b6 8. Nd2 Bb7 9. Qf3 Qg6 10. Qg3 0-0-0 11. Qxg6 hxg6 12. Bxc5 bxc5 13. Ne3 f5 14. 0-0-0 Rdf8 15. f3 d6 16. Be2 Kb8 17. h3 f4 18. Ng4 g5 19. Rhe1 Ng6 20. Bf1 Bc8 21. Bb5 Bxg4 22. Bxc6 Be6 23. Bb5 Ne5 24. Bf1 c6 25. Kc2 a5 26. b3 Kc7 27. c4 a4 28. Nb1 Ra8 29. Nc3 axb3+ 30. axb3 Ra7 31. Ra1 Rha8 32. Kb2 Kd7 33. Rxa7+ Rxa7 34. Ra1 Rxa1 35. Kxa1 Ke7 36. Kb2 Kf6 37. Kc2 Nd7 38. Kd3 Ke5 39. Kd2 Bf7 40. Bd3 Nf8 41. Na4 Ne6 42. Kc3 Nc7 43. Nb6 Be6 44. Be2 Ne8 45. Na4 Nf6 46. Nb2 Nd7 47. Nd3+ Kf6 48. Bf1 Kg6 49. Kd2 Kh5 50. Ke1 d5 51. Nb2 dxe4 52. fxe4 Nf6 53. Be2+ Kh4 54. Bf3 Kg3 55. Nd3 Nd7 56. Ke2 g4 57. hxg4 Bxg4 58. Bxg4 Kxg4 59. Kf2 g5 60. g3 f3 61. e5 Kf5 62. Kxf3 g4+ 63. Ke3 Nf8 64. Nxc5 Kxe5 65. b4 Ne6 66. b5 cxb5 67. cxb5 Nc7 1/2-1/2

[Event "Obera op"]
[Site "Obera"]
[Date "2022.02.27"]
[Round "4"]
[White "Cantero, Carlos Ramon"]
[Black "Zamudio, Jose Alberto"]
[Result "0-1"]
[WhiteElo "1948"]
[BlackElo "2029"]
[PlyCount "71"]
[EventDate "2022.02.26"]
[EventType "swiss"]
[EventRounds "6"]
[EventCountry "ARG"]
[SourceTitle "EXT 2023"]
[Source "ChessBase"]
[SourceDate "2022.10.05"]
[SourceVersion "1"]
[SourceVersionDate "2022.10.05"]
[SourceQuality "1"]

1. d4 e6 2. c4 d5 3. Nf3 Nf6 4. g3 c6 5. Bg2 dxc4 6. Ne5 Nbd7 7. Nxc4 Nb6 8. Ne5 c5 9. Be3 cxd4 10. Bxd4 Bb4+ 11. Nc3 0-0 12. 0-0 Qe7 13. Qb3 Nfd5 14. Nd3 Bxc3 15. bxc3 Rd8 16. Rfd1 Bd7 17. a4 Bc6 18. Ne5 Qc7 19. a5 Nd7 20. Nxc6 bxc6 21. c4 N5f6 22. Qa4 Rac8 23. Bxf6 gxf6 24. Rab1 Nc5 25. Qa3 Nb7 26. a6 Rxd1+ 27. Rxd1 Nd8 28. c5 Rb8 29. Qa1 e5 30. Rd6 Rb5 31. Qd1 Ne6 32. Rxc6 Qa5 33. Rc8+ Kg7 34. e3 f5 35. Qh5 Rb1+ 36. Bf1 0-1

[Event "ARG-ch Amateur U2300"]
[Site "Suipacha"]
[Date "2017.11.17"]
[Round "2.15"]
[White "Zamudio, Jose Alberto"]
[Black "Gomez Benitez, Pedro"]
[Result "1/2-1/2"]
[WhiteElo "2109"]
[BlackElo "2050"]
[PlyCount "70"]
[EventDate "2017.11.17"]
[EventType "swiss"]
[EventRounds "8"]
[EventCountry "ARG"]
[SourceTitle "EXT 2024"]
[Source "ChessBase"]
[SourceDate "2023.10.10"]
[SourceVersion "1"]
[SourceVersionDate "2023.10.10"]
[SourceQuality "1"]

1. e4 e6 2. d4 d5 3. Nd2 Nc6 4. c3 e5 5. Ngf3 exd4 6. cxd4 dxe4 7. Nxe4 Bb4+ 8. Nc3 Bg4 9. Bb5 Qe7+ 10. Be3 Qf6 11. 0-0 Bxf3 12. Qxf3 Qxf3 13. gxf3 Nge7 14. a3 Bxc3 15. bxc3 0-0-0 16. Rfd1 Rd6 17. c4 a6 18. Ba4 Rhd8 19. c5 Rf6 20. Bc2 h6 21. Be4 Nd5 22. Rac1 Nce7 23. Kf1 c6 24. Ke2 Re6 25. Rg1 f5 26. Bxd5 Nxd5 27. Kd3 Rd7 28. h4 Rde7 29. Rce1 Kd7 30. Rb1 Ke8 31. Bd2 Re2 32. Rg2 Kf7 33. Rbg1 Kf8 34. Rb1 Re1 35. Rg1 R1e2 1/2-1/2

[Event "ARG-ch Amateur U2300"]
[Site "Torre Blanca"]
[Date "2016.12.11"]
[Round "8.9"]
[White "Zamudio, Jose Alberto"]
[Black "Ferrara, Enzo"]
[Result "1/2-1/2"]
[WhiteElo "2110"]
[BlackElo "2031"]
[PlyCount "35"]
[EventDate "2016.12.08"]
[EventType "swiss"]
[EventRounds "8"]
[EventCountry "ARG"]
[SourceTitle "EXT 2024"]
[Source "ChessBase"]
[SourceDate "2023.10.10"]
[SourceVersion "1"]
[SourceVersionDate "2023.10.10"]
[SourceQuality "1"]

1. e4 e6 2. c4 c5 3. Nc3 Nc6 4. f4 g6 5. Nf3 Bg7 6. g3 Nge7 7. Bg2 0-0 8. 0-0 d5 9. cxd5 exd5 10. e5 Bf5 11. d3 Qd7 12. Re1 Rab8 13. d4 c4 14. a3 b5 15. Nh4 Bd3 16. Bf1 Bxf1 17. Rxf1 f5 18. Nf3 1/2-1/2

[Event "ARG-ch Amateur U2300"]
[Site "Torre Blanca"]
[Date "2016.12.09"]
[Round "4.13"]
[White "Maggiori, Luciano"]
[Black "Zamudio, Jose Alberto"]
[Result "1-0"]
[WhiteElo "2126"]
[BlackElo "2110"]
[PlyCount "88"]
[EventDate "2016.12.08"]
[EventType "swiss"]
[EventRounds "8"]
[EventCountry "ARG"]
[SourceTitle "EXT 2024"]
[Source "ChessBase"]
[SourceDate "2023.10.10"]
[SourceVersion "1"]
[SourceVersionDate "2023.10.10"]
[SourceQuality "1"]

1. e4 Nf6 2. e5 Nd5 3. c4 Nb6 4. d4 d6 5. exd6 cxd6 6. Nc3 g6 7. Be3 Bg7 8. Rc1 0-0 9. b3 Nc6 10. d5 Ne5 11. Be2 f5 12. f4 Ng4 13. Bxg4 fxg4 14. Nge2 Nd7 15. 0-0 Nf6 16. Ng3 h5 17. Nge4 Nxe4 18. Nxe4 Qa5 19. Bd4 Bxd4+ 20. Qxd4 Qb6 21. Rcd1 Qxd4+ 22. Rxd4 Bf5 23. Re1 Rac8 24. Ng5 Rc7 25. Ne6 Bxe6 26. Rxe6 Rf5 27. Rxg6+ Kf7 28. Rh6 b5 29. Re6 bxc4 30. bxc4 Rb7 31. Re2 Kf8 32. g3 a5 33. Kf2 a4 34. Rdd2 h4 35. Ke3 hxg3 36. hxg3 Rh5 37. Rh2 Rxh2 38. Rxh2 Kg7 39. Rc2 Kf6 40. Kd4 Rb1 41. c5 Rb4+ 42. Rc4 dxc5+ 43. Kxc5 Rb2 44. Rxa4 Rf2 1-0

[Event "ARG-ch Amateur U2300"]
[Site "Torre Blanca"]
[Date "2016.12.09"]
[Round "3.4"]
[White "Zamudio, Jose Alberto"]
[Black "Mazziotti Irigoyen, Gabriel"]
[Result "0-1"]
[WhiteElo "2110"]
[BlackElo "2297"]
[PlyCount "90"]
[EventDate "2016.12.08"]
[EventType "swiss"]
[EventRounds "8"]
[EventCountry "ARG"]
[SourceTitle "EXT 2024"]
[Source "ChessBase"]
[SourceDate "2023.10.10"]
[SourceVersion "1"]
[SourceVersionDate "2023.10.10"]
[SourceQuality "1"]

1. e4 e5 2. Nc3 Nf6 3. f4 d5 4. exd5 Nxd5 5. Nxd5 Qxd5 6. Nf3 exf4 7. d4 Bd6 8. c4 Qe4+ 9. Kf2 0-0 10. Bd3 Qc6 11. Qc2 Na6 12. Bxh7+ Kh8 13. Be4 Qb6 14. Bd2 Bg4 15. Bc3 c5 16. d5 f5 17. Bd3 Nb4 18. Qd2 Bxf3 19. gxf3 Nxd5 20. Rhg1 Nxc3 21. Qxc3 Qc7 22. Qc2 g6 23. h4 Be7 24. Rxg6 Bxh4+ 25. Kg2 Rg8 26. Bxf5 Rxg6+ 27. Bxg6 Rg8 28. Rh1 Qe7 29. Rh3 Qg5+ 30. Kh2 Rxg6 31. Qxg6 Qxg6 32. Rxh4+ Kg7 33. Rg4 Qxg4 34. fxg4 Kf6 35. Kg2 Kg5 36. Kf3 a6 37. b3 b6 38. a3 b5 39. cxb5 axb5 40. a4 bxa4 41. bxa4 c4 42. a5 c3 43. a6 c2 44. a7 c1Q 45. a8Q Qh1+ 0-1

[Event "IECG CP.2003.P.00075 email"]
[Site "IECG email"]
[Date "2003.10.01"]
[Round "?"]
[White "Zamudio, Jose Alberto"]
[Black "Lim, John"]
[Result "0-1"]
[WhiteElo "1855"]
[BlackElo "2100"]
[PlyCount "30"]
[EventDate "2003.10.01"]
[EventType "tourn (corr)"]
[EventRounds "6"]
[EventCountry "ARG"]
[SourceTitle "Corr 2024"]
[Source "ChessBase"]
[SourceDate "2023.10.19"]
[SourceVersion "1"]
[SourceVersionDate "2023.10.19"]
[SourceQuality "1"]

1. e4 c5 2. Nc3 Nc6 3. g3 d6 4. Bg2 g6 5. f4 Bg7 6. Nf3 e6 7. 0-0 Nge7 8. Ne2 0-0 9. c3 f5 10. d4 fxe4 11. Ng5 d5 12. dxc5 Nf5 13. g4 Nh4 14. Ng3 Nxg2 15. Kxg2 h6 0-1

[Event "IECG LB.2001.0.00001 email"]
[Site "IECG email"]
[Date "2001.07.08"]
[Round "?"]
[White "Hanegby, Avigdor"]
[Black "Zamudio, Jose Alberto"]
[Result "1-0"]
[WhiteElo "1981"]
[BlackElo "1954"]
[PlyCount "69"]
[EventDate "2001.07.08"]
[EventType "tourn (corr)"]
[EventRounds "14"]
[SourceTitle "Corr 2008"]
[Source "ChessBase"]
[SourceDate "2008.06.24"]
[SourceVersion "1"]
[SourceVersionDate "2008.06.24"]
[SourceQuality "1"]

1. f4 d5 2. Nf3 c5 3. e3 Nc6 4. Bb5 Qc7 5. b3 Nf6 6. Ne5 e6 7. Bb2 Bd7 8. Nxd7 Nxd7 9. 0-0 Nf6 10. d3 Be7 11. Nd2 0-0 12. Nf3 Nd8 13. c4 a6 14. Ba4 Rb8 15. Be5 Bd6 16. Bxf6 gxf6 17. b4 b5 18. Bb3 dxc4 19. dxc4 bxc4 20. Bxc4 cxb4 21. Nd2 Nb7 22. Bxa6 Qb6 23. Bxb7 Qxb7 24. Nc4 Be7 25. f5 e5 26. Qh5 Kh8 27. Qh4 Rg8 28. Rf2 Rbd8 29. a4 bxa3 30. Nxa3 Rg5 31. Nc2 Bc5 32. Qc4 Ba7 33. Kh1 Qd5 34. Qxd5 Rxd5 35. h4 1-0

[Event "IECG LB.2001.0.00001 email"]
[Site "IECG email"]
[Date "2001.07.08"]
[Round "?"]
[White "Lombart, Philippe"]
[Black "Zamudio, Jose Alberto"]
[Result "1-0"]
[WhiteElo "1906"]
[BlackElo "1954"]
[PlyCount "43"]
[EventDate "2001.07.08"]
[EventType "tourn (corr)"]
[EventRounds "14"]
[SourceTitle "Corr 2008"]
[Source "ChessBase"]
[SourceDate "2008.06.24"]
[SourceVersion "1"]
[SourceVersionDate "2008.06.24"]
[SourceQuality "1"]

1. d4 Nf6 2. c4 g6 3. Nc3 Bg7 4. e4 d6 5. f4 0-0 6. Nf3 Bg4 7. Be2 Nbd7 8. 0-0 c5 9. d5 a6 10. h3 Bxf3 11. Bxf3 Qc7 12. Bd2 e5 13. f5 Nb6 14. b3 Nfd7 15. g4 f6 16. h4 Nc8 17. g5 Ne7 18. Bg4 Rf7 19. fxg6 hxg6 20. Be6 f5 21. exf5 Nxf5 22. h5 1-0

[Event "IECG LB.2001.0.00001 email"]
[Site "IECG email"]
[Date "2001.07.08"]
[Round "?"]
[White "Zamudio, Jose Alberto"]
[Black "Malmstroem, Jan"]
[Result "0-1"]
[WhiteElo "1954"]
[BlackElo "1902"]
[PlyCount "58"]
[EventDate "2001.07.08"]
[EventType "tourn (corr)"]
[EventRounds "14"]
[SourceTitle "Corr 2008"]
[Source "ChessBase"]
[SourceDate "2008.06.24"]
[SourceVersion "1"]
[SourceVersionDate "2008.06.24"]
[SourceQuality "1"]

1. e4 e5 2. Nf3 Nc6 3. Bc4 Bc5 4. 0-0 Nf6 5. Nc3 d6 6. h3 h6 7. d3 0-0 8. Na4 Bb6 9. a3 Nd7 10. b4 a6 11. Bb3 Ba7 12. Kh1 b5 13. Nc3 Bb7 14. Nd5 Ne7 15. Ne3 c5 16. c4 Nf6 17. Nh4 cxb4 18. axb4 Bd4 19. Rb1 bxc4 20. Bxc4 Rc8 21. Bb3 d5 22. exd5 Nexd5 23. Nxd5 Nxd5 24. Nf5 Qf6 25. Qg4 h5 26. Qxh5 Rxc1 27. Rbxc1 Nf4 28. Qg4 Bxg2+ 29. Kh2 Bxh3 0-1

[Event "IECG LB.2001.0.00001 email"]
[Site "IECG email"]
[Date "2001.07.08"]
[Round "?"]
[White "Zamudio, Jose Alberto"]
[Black "Meijer, Wilmar"]
[Result "1-0"]
[WhiteElo "1954"]
[BlackElo "1840"]
[PlyCount "44"]
[EventDate "2001.07.08"]
[EventType "tourn (corr)"]
[EventRounds "14"]
[SourceTitle "Corr 2008"]
[Source "ChessBase"]
[SourceDate "2008.06.24"]
[SourceVersion "1"]
[SourceVersionDate "2008.06.24"]
[SourceQuality "1"]

1. d4 Nf6 2. c4 c5 3. d5 b5 4. Nc3 b4 5. Nb1 g6 6. a3 Bg7 7. Nf3 d6 8. Nbd2 0-0 9. e4 Nbd7 10. Be2 e6 11. 0-0 exd5 12. cxd5 Qc7 13. Qc2 bxa3 14. Rxa3 Re8 15. Bd3 Ng4 16. Nc4 Nge5 17. Nfxe5 Nxe5 18. Be2 Nxc4 19. Qxc4 a5 20. b4 Bd4 21. Bd3 Bd7 22. Bd2 axb4 1-0

[Event "IECG TE.2000.P.00403 email"]
[Site "IECG email"]
[Date "2000.07.15"]
[Round "?"]
[White "Aguilar, Sebastian"]
[Black "Zamudio, Jose Alberto"]
[Result "1-0"]
[WhiteElo "800"]
[BlackElo "1962"]
[PlyCount "29"]
[EventDate "2000.07.15"]
[EventType "tourn (corr)"]
[EventRounds "12"]
[SourceTitle "Corr 2008"]
[Source "ChessBase"]
[SourceDate "2008.06.24"]
[SourceVersion "1"]
[SourceVersionDate "2008.06.24"]
[SourceQuality "1"]

1. e4 e5 2. Nf3 Nc6 3. Bc4 Nf6 4. Ng5 Bc5 5. Nxf7 Qe7 6. Nxh8 Qf8 7. d3 Bxf2+ 8. Kf1 Bc5 9. Bf7+ Kd8 10. Bg5 Qxh8 11. Nd2 Qf8 12. Bb3 h6 13. Bxf6+ Qxf6+ 14. Qf3 Qg5 15. Qf7 1-0

[Event "SEMI WRG2-1 theme corr"]
[Site "SEMI email"]
[Date "2000.07.15"]
[Round "?"]
[White "Malmstroem, Jan"]
[Black "Zamudio, Jose Alberto"]
[Result "1-0"]
[WhiteElo "2321"]
[BlackElo "2214"]
[PlyCount "31"]
[EventDate "2000.07.15"]
[EventType "tourn (corr)"]
[EventRounds "6"]
[EventCountry "ITA"]
[SourceTitle "Corr 2008"]
[Source "ChessBase"]
[SourceDate "2008.06.24"]
[SourceVersion "1"]
[SourceVersionDate "2008.06.24"]
[SourceQuality "1"]

1. e4 e6 2. d4 d5 3. Nc3 Bb4 4. a3 Bxc3+ 5. bxc3 dxe4 6. f3 c5 7. Qd2 Nf6 8. Rb1 0-0 9. Bb2 Nc6 10. Bb5 Qa5 11. Bxc6 bxc6 12. Ne2 Ba6 13. Nc1 Bc4 14. Nb3 Bxb3 15. cxb3 exf3 16. gxf3 1-0

[Event "IECG TE.2000.P.00403 email"]
[Site "IECG email"]
[Date "2000.07.15"]
[Round "?"]
[White "Sveinsson, Jon Arni"]
[Black "Zamudio, Jose Alberto"]
[Result "1-0"]
[WhiteElo "1786"]
[BlackElo "1962"]
[PlyCount "30"]
[EventDate "2000.07.15"]
[EventType "tourn (corr)"]
[EventRounds "12"]
[SourceTitle "Corr 2008"]
[Source "ChessBase"]
[SourceDate "2008.06.24"]
[SourceVersion "1"]
[SourceVersionDate "2008.06.24"]
[SourceQuality "1"]

1. e4 e5 2. Nf3 Nc6 3. Bc4 Nf6 4. Ng5 Bc5 5. Nxf7 Qe7 6. Nxh8 Qf8 7. Nf7 d5 8. exd5 Qxf7 9. dxc6 Qxc4 10. d3 Qd5 11. cxb7 Bxb7 12. f3 Bd6 13. Nc3 Qd4 14. Qe2 Rd8 15. Be3 Qxe3 1-0

[Event "SEMI WRG2-1 theme corr"]
[Site "SEMI email"]
[Date "2000.07.15"]
[Round "?"]
[White "Yasakov, Igor Vladimirovich"]
[Black "Zamudio, Jose Alberto"]
[Result "1-0"]
[WhiteElo "2127"]
[BlackElo "2214"]
[PlyCount "23"]
[EventDate "2000.07.15"]
[EventType "tourn (corr)"]
[EventRounds "6"]
[EventCountry "ITA"]
[SourceTitle "Corr 2008"]
[Source "ChessBase"]
[SourceDate "2008.06.24"]
[SourceVersion "1"]
[SourceVersionDate "2008.06.24"]
[SourceQuality "1"]

1. e4 e6 2. d4 d5 3. Nc3 Bb4 4. a3 Bxc3+ 5. bxc3 dxe4 6. f3 c5 7. Qd2 b6 8. Qf4 Bb7 9. Bb5+ Nd7 10. fxe4 Ngf6 11. Nf3 a6 12. Bd3 1-0

[Event "SEMI WRG2-1 theme corr"]
[Site "SEMI email"]
[Date "2000.07.15"]
[Round "?"]
[White "Zamudio, Jose Alberto"]
[Black "Marcotulli, Giancarlo"]
[Result "0-1"]
[WhiteElo "2214"]
[BlackElo "2165"]
[PlyCount "38"]
[EventDate "2000.07.15"]
[EventType "tourn (corr)"]
[EventRounds "6"]
[EventCountry "ITA"]
[SourceTitle "Corr 2008"]
[Source "ChessBase"]
[SourceDate "2008.06.24"]
[SourceVersion "1"]
[SourceVersionDate "2008.06.24"]
[SourceQuality "1"]

1. e4 e6 2. d4 d5 3. Nc3 Bb4 4. a3 Bxc3+ 5. bxc3 dxe4 6. f3 c5 7. Bb2 Nc6 8. dxc5 Qg5 9. Nh3 Qg6 10. Qe2 Nf6 11. Rd1 e5 12. Nf2 exf3 13. gxf3 0-0 14. Rd6 Be6 15. Nd3 Rfe8 16. Qe3 e4 17. Nf4 Qh6 18. Ng2 exf3 19. Qxh6 fxg2 0-1

[Event "IECG TE.2000.P.00403 email"]
[Site "IECG email"]
[Date "2000.07.15"]
[Round "?"]
[White "Zamudio, Jose Alberto"]
[Black "Sveinsson, Jon Arni"]
[Result "0-1"]
[WhiteElo "1962"]
[BlackElo "1786"]
[PlyCount "34"]
[EventDate "2000.07.15"]
[EventType "tourn (corr)"]
[EventRounds "12"]
[SourceTitle "Corr 2008"]
[Source "ChessBase"]
[SourceDate "2008.06.24"]
[SourceVersion "1"]
[SourceVersionDate "2008.06.24"]
[SourceQuality "1"]

1. e4 e5 2. Nf3 Nc6 3. Bc4 Nf6 4. Ng5 Bc5 5. Nxf7 Bxf2+ 6. Kf1 Qe7 7. Nxh8 d5 8. exd5 Nd4 9. d6 cxd6 10. c3 Bg4 11. Qa4+ Nd7 12. cxd4 Bxd4 13. Ke1 Qf6 14. Rf1 Qh4+ 15. g3 Qxh2 16. Qb3 Rc8 17. Qd3 Rxc4 0-1

[Event "SEMI WRG2-1 theme corr"]
[Site "SEMI email"]
[Date "2000.07.15"]
[Round "?"]
[White "Zamudio, Jose Alberto"]
[Black "Yasakov, Igor Vladimirovich"]
[Result "0-1"]
[WhiteElo "2214"]
[BlackElo "2127"]
[PlyCount "26"]
[EventDate "2000.07.15"]
[EventType "tourn (corr)"]
[EventRounds "6"]
[EventCountry "ITA"]
[SourceTitle "Corr 2008"]
[Source "ChessBase"]
[SourceDate "2008.06.24"]
[SourceVersion "1"]
[SourceVersionDate "2008.06.24"]
[SourceQuality "1"]

1. e4 e6 2. d4 d5 3. Nc3 Bb4 4. a3 Bxc3+ 5. bxc3 dxe4 6. f3 Nd7 7. Qd2 Ngf6 8. Qf4 exf3 9. Nxf3 0-0 10. Bd3 b6 11. 0-0 Bb7 12. Bb2 c5 13. Rad1 b5 0-1

[Event "SEMI Marshall theme3 email"]
[Site "SEMI email"]
[Date "2000.06.15"]
[Round "?"]
[White "Zamudio, Jose Alberto"]
[Black "Simmelink, Joop Theo"]
[Result "0-1"]
[WhiteElo "2214"]
[BlackElo "2300"]
[PlyCount "42"]
[EventDate "2000.06.15"]
[EventType "tourn (corr)"]
[EventRounds "6"]
[EventCountry "ITA"]
[SourceTitle "Corr 2008"]
[Source "ChessBase"]
[SourceDate "2008.06.24"]
[SourceVersion "1"]
[SourceVersionDate "2008.06.24"]
[SourceQuality "1"]

1. e4 e5 2. Nf3 Nc6 3. Bb5 a6 4. Ba4 Nf6 5. 0-0 Be7 6. Re1 b5 7. Bb3 0-0 8. c3 d5 9. exd5 Nxd5 10. Nxe5 Nxe5 11. Rxe5 c6 12. d4 Bd6 13. Re1 Qh4 14. g3 Qh3 15. Be3 Bg4 16. Qd3 Rae8 17. Nd2 Re6 18. Qf1 Qh5 19. a4 b4 20. Qxa6 g5 21. Qf1 Rh6 0-1

[Event "SEMI KG Kieseritsky (1) email"]
[Site "SEMI email"]
[Date "2000.04.25"]
[Round "?"]
[White "Zamudio, Jose Alberto"]
[Black "Dietrich, Stefano"]
[Result "0-1"]
[WhiteElo "2214"]
[BlackElo "2060"]
[PlyCount "32"]
[EventDate "2000.04.25"]
[EventType "tourn (corr)"]
[EventRounds "6"]
[EventCountry "ITA"]
[SourceTitle "Corr 2008"]
[Source "ChessBase"]
[SourceDate "2008.06.24"]
[SourceVersion "1"]
[SourceVersionDate "2008.06.24"]
[SourceQuality "1"]

1. e4 e5 2. f4 exf4 3. Nf3 g5 4. h4 g4 5. Ne5 Nf6 6. d4 d6 7. Nd3 Nxe4 8. Bxf4 Qe7 9. Be2 Nc6 10. c3 Bg7 11. d5 Nb8 12. h5 Bf5 13. 0-0 Qh4 14. Nd2 g3 15. Nf3 Qxh5 16. Qb3 b6 0-1

[Event "SEMI King's Indian E93 email"]
[Site "SEMI email"]
[Date "2000.02.20"]
[Round "?"]
[White "Kamaluddin, Yusof"]
[Black "Zamudio, Jose Alberto"]
[Result "1-0"]
[WhiteElo "1979"]
[BlackElo "2214"]
[PlyCount "55"]
[EventDate "2000.02.20"]
[EventType "tourn (corr)"]
[EventRounds "10"]
[EventCountry "ITA"]
[SourceTitle "Corr 2008"]
[Source "ChessBase"]
[SourceDate "2008.06.24"]
[SourceVersion "1"]
[SourceVersionDate "2008.06.24"]
[SourceQuality "1"]

1. d4 Nf6 2. c4 g6 3. Nc3 Bg7 4. e4 d6 5. Nf3 0-0 6. Be2 e5 7. d5 Nbd7 8. Bg5 h6 9. Bh4 g5 10. Bg3 Nh5 11. h4 g4 12. Nh2 Nxg3 13. fxg3 h5 14. 0-0 Nf6 15. Qd2 Nh7 16. Bd3 c6 17. Rf2 Bd7 18. Nf1 Qb6 19. Qe3 f5 20. exf5 Nf6 21. dxc6 bxc6 22. Rd1 d5 23. cxd5 cxd5 24. Nxd5 Nxd5 25. Bc4 Kh7 26. Bxd5 Rac8 27. Qxb6 axb6 28. f6 1-0